000 01458nam a2200361 a 4500
001 ebr10671068
003 CaPaEBR
006 m u
007 cr cn|||||||||
008 090714s2009 nyuad sb 001 0 eng d
010 _z 2009284776
020 _z1606926578
020 _z9781606926574
020 _z9781614702177 (e-book)
040 _aCaPaEBR
_cCaPaEBR
035 _a(OCoLC)776163553
043 _an-us---
050 1 4 _aHV8705
_b.M365 2009eb
082 0 4 _a365.97300000000001
_223
245 0 0 _aMass incarceration and offender reentry in the United States
_h[electronic resource] /
_cRussell D. Javitze, editor.
260 _aNew York :
_bNova Science Pub., Inc.,
_cc2009.
300 _aix, 166 p. :
_bill.
490 1 _aCriminal justice, law enforcement and corrections
504 _aIncludes bibliographical references (p. 151-152) and index.
533 _aElectronic reproduction.
_bPalo Alto, Calif. :
_cebrary,
_d2013.
_nAvailable via World Wide Web.
_nAccess may be limited to ebrary affiliated libraries.
650 0 _aImprisonment
_zUnited States.
650 0 _aPrisoners
_xDeinstitutionalization
_zUnited States.
655 7 _aElectronic books.
_2local
700 1 _aJavitze, Russell D.
710 2 _aebrary, Inc.
830 0 _aCriminal justice, law enforcement and corrections.
856 4 0 _uhttp://site.ebrary.com/lib/rucke/Doc?id=10671068
_zAn electronic book accessible through the World Wide Web; click to view
999 _c176054
_d176054